Statistics for Highest Things

Click here to take the quiz!

General Stats

  • This quiz has been taken 20 times
  • The average score is 5 of 19

Answer Stats

HintAnswer% Correct
Highest-grossing movie (non-inflation adj.)Avatar
100%
Highest place on earth (from sea level)Mount Everest
95%
Highest-grossing movie (inflation adj.)Gone With the Wind
53%
Highest-grossing animated movieFrozen
47%
Highest building (from base to top)Burj Khalifa
47%
Highest court in the landSupreme Court
42%
Highest place on earth (from base to top)Mauna Kea
42%
Highest temperature on record56.7 °C (134.1 °F)
37%
Highest possible credit score850
32%
Highest academic rankProfessor
16%
Highest place on earth (from earth's centre)Chimborazo
11%
Highest combined NFL score113 points
11%
Highest unclimbed mountainGangkhar Puensum
5%
Highest salary for an NBA player in a yearMichael Jordan ($78.3 mil)
0%
Highest military rank (U.S.)General of the Armies
0%
Highest lottery jackpot$49.7 million
0%
Highest IQ (as recorded by Guiness)228
0%
Highest settled cityLa Rinconada
0%
Highest survived fall10,160 metres
0%

Score Distribution

Percentile by Number Answered

Percent of People with Each Score

Your Score History

You have not taken this quiz